[Event "Brasilia Terraviva op"]
[Site "Brasilia"]
[Date "2019.01.10"]
[Round "1"]
[White "Feres, Artur Cury"]
[Black "Do Valle Cardoso, Lucas"]
[Result "0-1"]
[WhiteElo "1636"]
[BlackElo "2143"]
[PlyCount "44"]
[EventDate "2019.01.10"]
[EventType "swiss"]
[EventRounds "7"]
[EventCountry "BRA"]
[SourceTitle "CBM 188 Extra"]
[Source "ChessBase"]
[SourceDate "2019.02.28"]
[SourceVersion "1"]
[SourceVersionDate "2019.02.28"]
[SourceQuality "1"]

1. d4 Nf6 2. c4 g6 3. Nc3 d5 4. cxd5 Nxd5 5. e4 Nxc3 6. bxc3 Bg7 7. Nf3 c5 8. Bb2 Qa5 9. Qd2 0-0 10. Be2 Rd8 11. Qg5 Nc6 12. Qxc5 Qxc5 13. dxc5 Bg4 14. h3 Bxf3 15. gxf3 Rac8 16. Rd1 Rxd1+ 17. Kxd1 Ne5 18. Kc2 Rxc5 19. f4 Nc6 20. Kd2 Bh6 21. Ke3 e5 22. Rd1 exf4+ 0-1